Szczegóły MARC21

Kto : najlepsza metoda zatrudniania /

003 -Nazwa inst., której nr kontr. jest w polu 001 [,]
    • @
    • Nazwa instytucji, której n kontrolny jest w polu 001
    • NUKAT
005 -DATA I CZAS OSTATNIEJ MODYFIKACJI [,]
    • @
    • pole kontrolne
    • 20250717014714.0
020 -Międzynarod. znormalizowany nr książki - ISBN [ , ]
    • a
    • Numer ISBN
    • 9788301236069 Find
    • q
    • Dopowiedzenie
    • (oprawa miękka)
040 -Instytucja sporządzająca opis [ , ]
    • a
    • Instytucja, która sporządziła opis (NP)
    • POZN 004/AW
    • b
    • Język katalogowania
    • pol
    • e
    • Zasady katalogowania
    • rda
    • c
    • Instytucja, która sporządziła rekord (NP)
    • POZN 004/AWs
    • d
    • Instytucja, która zmodyfikowała rekord (P)
    • KAT U/ICs
041 -Język dokumentu [1, ]
    • a
    • Język tekstu (P)
    • polski
    • h
    • Język tekstu oryginalnego i/lub pośredniego (P)
    • angielski
942 -Rodzaj dokumentu [ , ]
    • c
    • Rodzaj dokumentu
    • Książka
100 -Hasło główne - nazwa osobowa [1, ]
    • a
    • Nazwa osobowa (NP)
    • Smart, Geoff.
    • e
    • Rodzaj współpracy
    • Autor
    • 9
    • KHW
    • 711876
245 -Strefa tytułu i oznaczenia odpowiedzialności [1,0]
    • a
    • Tytuł
    • Kto : Find
    • b
    • Ciąg dalszy tytułu (NP)
    • najlepsza metoda zatrudniania / Find
    • c
    • Pozostałe elementy strefy tytułu i oznaczenia odpowiedzialności (NP)
    • Geoff Smart, Randy Street ; przekład Tomasz Macios.
246 -Wariant tytułu [1, ]
    • i
    • Tekst wyświetlany na ekranie monitora (NP)
    • Tytuł oryginału:
    • a
    • Tytuł (NP)
    • Who : The A method for hiring
250 -Strefa wydania [ , ]
    • a
    • Oznaczenie wydania (NP)
    • Wydanie I.
260 -Strefa adresu wydawniczego [ , ]
    • a
    • Miejsce wydania (P)
    • Warszawa :
    • b
    • Nazwa wydawcy (P)
    • PWN,
    • c
    • Data wydania (P)
    • 2024.
300 -Strefa opisu fizycznego [ , ]
    • a
    • Określenie formy książki i/lub objętość (NP)
    • XIX, [1], 169, [1] strona :
    • b
    • Oznaczenie ilustracji (NP)
    • ilustracje ;
    • c
    • Format (NP)
    • 21 cm.
336 -Typ zawartości [ , ]
    • a
    • Termin opisujący typ zawartości
    • Tekst
    • b
    • Kod określający zawartość
    • txt
    • 2
    • Źródło (terminu i kodu)
    • rdacontent
337 -Typ mediów [ , ]
    • a
    • Tryb odtwarzania
    • Bez urządzenia pośredniczącego
    • b
    • Kod typu mediów
    • n
    • 2
    • Źródło (terminu i kodu)
    • rdamedia
338 -Typ/rodzaj nośnika [ , ]
    • a
    • Hasło opisujące typ nośnika
    • Wolumin
    • b
    • Kod typu nośnika
    • nc
    • 2
    • Źródło (terminu i kodu)
    • rdacarrier
380 -Deskryptor - Forma dzieła (P) [ , ]
    • a
    • forma dzieła (NP)
    • Książki
380 -Deskryptor - Forma dzieła (P) [ , ]
    • a
    • forma dzieła (NP)
    • Poradniki i przewodniki
388 -Deskryptor - czas powstania dzieła (P) [1, ]
    • a
    • Czas powstania dzieła (NP)
    • 2001-
650 -Hasło przedmiotowe [ ,7]
    • a
    • Hasło przedmiotowe
    • Zatrudnienie
    • v
    • Określnik formalny
    • poradniki.
    • 2
    • Źródło terminu
    • kaba
    • 9
    • KHW
    • 431713
650 -Hasło przedmiotowe [ ,7]
    • a
    • Hasło przedmiotowe
    • Biznes.
    • 2
    • Źródło terminu
    • kaba
    • 9
    • KHW
    • 103373
650 -Hasło przedmiotowe [ ,7]
    • a
    • Hasło przedmiotowe
    • Personel.
    • 2
    • Źródło terminu
    • kaba
    • 9
    • KHW
    • 225583
650 -Hasło przedmiotowe [ ,7]
    • a
    • Hasło przedmiotowe
    • Menedżerowie i menedżerki
    • 2
    • Źródło terminu
    • DBN
    • 9
    • KHW
    • 722996
650 -Hasło przedmiotowe [ ,7]
    • a
    • Hasło przedmiotowe
    • Rekrutacja pracowników
    • 2
    • Źródło terminu
    • DBN
    • 9
    • KHW
    • 726310
650 -Hasło przedmiotowe [ ,7]
    • a
    • Hasło przedmiotowe
    • Rozmowa kwalifikacyjna
    • 2
    • Źródło terminu
    • DBN
    • 9
    • KHW
    • 743624
650 -Hasło przedmiotowe [ ,7]
    • a
    • Hasło przedmiotowe
    • Sukces
    • 2
    • Źródło terminu
    • DBN
    • 9
    • KHW
    • 729387
655 -Hasło w funkcji tematu formalnego [ ,7]
    • a
    • Hasło
    • Poradnik
    • 2
    • Źródło terminu
    • DBN
    • 9
    • KHW
    • 721725
658 -Ujęcie treści [ , ]
    • a
    • dziedzina nauki i sztuki/ sfera aktywności życiowej
    • Zarządzanie i marketing
700 -Hasło dodatkowe - nazwa osobowa [1, ]
    • a
    • Nazwa osobowa (NP)
    • Street, Randy. Find
    • e
    • Określenie rodzaju współpracy
    • Autor
    • 9
    • KHW
    • 711877
700 -Hasło dodatkowe - nazwa osobowa [1, ]
    • a
    • Nazwa osobowa (NP)
    • Macios, Tomasz. Find
    • e
    • Określenie rodzaju współpracy
    • Tłumaczenie
    • 9
    • KHW
    • 48824
710 -Hasło dodatkowe - nazwa ciała zbiorowego [2, ]
    • a
    • Nazwa ciała zbiorowego lub nazwa geograficzna jako pierwszy element (NP)
    • Wydawnictwo Naukowe PWN.
    • e
    • Rodzaj współpracy
    • Wydawca
    • 4
    • Kod relacji
    • pbl
    • 9
    • KHW
    • 52648
920 -ISBN [ , ]
    • a
    • ISBN
    • 978-83-01-23606-9 (oprawa miękka) Find
Data inwentaryzacji Lokalizacja Numer inwentarzowy Status udost.
2024-11-20BEE.81450-2
2024-11-20BES.98773-2